Indian National Congress: (Record no. 2124)
[ view plain ]
| 000 -LEADER | |
|---|---|
| fixed length control field | 01224nam a2200301 a 4500 |
| 001 - CONTROL NUMBER | |
| control field | 2124 |
| 003 - CONTROL NUMBER IDENTIFIER | |
| rucl marc code | BD-RjUL |
| 005 - DATE AND TIME OF LATEST TRANSACTION | |
| control field | 20211208233504.0 |
| 008 - FIXED-LENGTH DATA ELEMENTS--GENERAL INFORMATION | |
| fixed length control field | 190217s1959 ii 000 0 eng u |
| 020 ## - INTERNATIONAL STANDARD BOOK NUMBER | |
| Terms of availability | : IRs. 40.00 |
| 035 ## - SYSTEM CONTROL NUMBER | |
| System control number | (BD-RjUL)2151 |
| 040 ## - CATALOGING SOURCE | |
| Transcribing agency | OUN |
| Modifying agency | m.c. |
| -- | RCD |
| Original cataloging agency | BD-RjUL |
| Language of cataloging | eng |
| 041 ## - LANGUAGE CODE | |
| Language code of text/sound track or separate title | eng |
| 082 ## - DEWEY DECIMAL CLASSIFICATION NUMBER | |
| Edition number | 23 |
| Classification number | 016.95403 |
| Author mark and year | SHI 1959 |
| 100 1# - MAIN ENTRY--PERSONAL NAME | |
| Personal name | Sharma, Jagdish Saran, |
| Dates associated with a name | 1924-1993. |
| 9 (RLIN) | 228318 |
| 245 10 - TITLE STATEMENT | |
| Title | Indian National Congress: |
| Remainder of title | a descriptive bibliography of India's struggle for freedom / |
| Statement of responsibility, etc. | by Jagdish Saran Sharma ; Foreword by U. N. Dhebar ; Preface by Shriman Narayan. |
| 260 ## - PUBLICATION, DISTRIBUTION, ETC. (IMPRINT) | |
| Place of publication, distribution, etc. | Delhi: |
| Name of publisher, distributor, etc. | S. Chand & Co., |
| Date of publication, distribution, etc. | 1959. |
| 300 ## - PHYSICAL DESCRIPTION | |
| Pagination | xxxviii, 816 p. ; |
| Size | 25 cm. |
| 490 1# - SERIES STATEMENT | |
| Series statement | National bibliographies ; |
| Volume/sequential designation | no. 3 |
| 500 ## - GENERAL NOTE | |
| General note | "Presented to Shri U. N. Dhebar on the 64th session of the Indian National Congress at Nagpur on Jan. 6th, 1959." |
| 650 ## - SUBJECT ADDED ENTRY--TOPICAL TERM | |
| Topical term or geographic name as entry element | Nationalism |
| Geographic subdivision | India |
| General subdivision | Bibliography |
| 9 (RLIN) | 228319 |
| Topical term or geographic name as entry element | Indian National Congress |
| General subdivision | Bibliography |
| 9 (RLIN) | 228320 |
| Topical term or geographic name as entry element | Freedom Movement |
| Geographic subdivision | India |
| General subdivision | Bibliography |
| 9 (RLIN) | 228321 |
| 700 ## - ADDED ENTRY--PERSONAL NAME | |
| Personal name | Dhebar, U. N. , Foreworder |
| Personal name | Narayan, Shriman, Prefacer |
| 830 #0 - SERIES ADDED ENTRY--UNIFORM TITLE | |
| Uniform title | National bibliographies ; |
| Volume number/sequential designation | no. 3. |
| 942 ## - ADDED ENTRY ELEMENTS (KOHA) | |
| Source of classification or shelving scheme | Dewey Decimal Classification |
| Koha item type | Reference |
| Lost status | Source of classification or shelving scheme | Damaged status | Not for loan | Collection code | Permanent Location | Current Location | Shelving location | Date acquired | Source of acquisition | Cost, normal purchase price | Total Checkouts | Full call number | Date last seen | Copy number | Koha item type |
|---|---|---|---|---|---|---|---|---|---|---|---|---|---|---|---|
| Dewey Decimal Classification | Not For Loan | Reference | Central Library, University of Rajshahi | Central Library, University of Rajshahi | 10/04/1967 | Royal Book | 50.00 | R 016.95403 SHI 1959 | 17/02/2019 | C-1 | Reference | ||||
| Dewey Decimal Classification | Not For Loan | Reference | Central Library, University of Rajshahi | Central Library, University of Rajshahi | 10/04/1967 | Royal Book | 50.00 | R 016.95403 SHI 1959 | 17/02/2019 | C-2 | Reference |